[Event "48th USA-ch (w)"]
[Site "Denver USA"]
[Date "1998.11.07"]
[Round "8"]
[White "Sagalchik, Olga"]
[Black "Burtman, Sharon"]
[Result "1/2-1/2"]
[WhiteElo "2140"]
[BlackElo "2090"]
[EventDate "1998.10.31"]
[PlyCount "87"]

1.d4 f5 2.Nc3 Nf6 3.Bg5 e6 4.e4 fxe4 5.Nxe4 Be7 6.Nxf6+ Bxf6 7.h4 Nc6 8.
Nf3 h6 9.Be3 Qe7 10.c3 d6 11.Bd3 Qf7 12.h5 Ne7 13.Qb3 a5 14.Qc2 Bd7 15.a4 
Qf8 16.Nh4 Bxh4 17.Rxh4 O-O-O 18.Rf4 Qg8 19.Bd2 Rf8 20.Rxf8+ Qxf8 21.Be4 
Qf6 22.Qd3 d5 23.Bf3 e5 24.dxe5 Qxe5+ 25.Be3 c6 26.Qd4 Qxd4 27.Bxd4 Nf5 
28.O-O-O Nxd4 29.Rxd4 Re8 30.Kd2 Re5 31.Rf4 Rf5 32.Ke3 Kd8 33.Rxf5 Bxf5 
34.Bd1 Ke7 35.g4 Be6 36.Kf4 Kf6 37.Bc2 b6 38.Bd3 Bd7 39.Ba6 Be6 40.Bb7 Bd7
41.f3 Be8 42.Ke3 Ke5 43.Bc8 c5 44.f4+ 1/2-1/2

[Event "48th USA-ch (w)"]
[Site "Denver USA"]
[Date "1998.11.07"]
[Round "8"]
[White "Shahade, Jennifer"]
[Black "Frenklakh, Jennie"]
[Result "0-1"]
[WhiteElo "2185"]
[BlackElo "2110"]
[EventDate "1998.10.31"]
[PlyCount "52"]

1.e4 c6 2.c4 d5 3.cxd5 cxd5 4.exd5 Qxd5 5.Nc3 Qa5 6.d4 Nf6 7.Bc4 e6 8.Nf3 
Be7 9.O-O O-O 10.Bf4 a6 11.a3 b5 12.Ba2 Bb7 13.d5 Rd8 14.Qe1 b4 15.axb4 
Qxb4 16.Bxb8 Raxb8 17.dxe6 Bxf3 18.exf7+ Kf8 19.gxf3 Qh4 20.Ne4 Rb5 21.Ng3
Bd6 22.Be6 Re5 23.Qd1 Rxe6 24.Rxa6 Nh5 25.f4 Nxf4 26.Re1 Qh3 0-1